|
|
|
|
| LEADER |
02146nam a2200553 i 4500 |
| 001 |
001865657 |
| 003 |
CZ BrMZK |
| 005 |
20230802063603.0 |
| 007 |
ta |
| 008 |
230719s2021 at ab e f 001 0 eng |
| 020 |
|
|
|a 978-1-83869-078-6
|q (brožováno)
|
| 040 |
|
|
|a BOA001
|b cze
|e rda
|
| 043 |
|
|
|a e-uk---
|
| 072 |
|
7 |
|a 913(4)
|x Geografie Evropy, reálie, cestování
|2 Konspekt
|9 7
|
| 080 |
|
|
|a 796.5:625.711.8
|2 MRF
|
| 080 |
|
|
|a 502.2:338.483.11
|2 MRF
|
| 080 |
|
|
|a 913:338.483.1
|2 MRF
|
| 080 |
|
|
|a 913(410)
|2 MRF
|
| 080 |
|
|
|a (410)
|2 MRF
|
| 080 |
|
|
|a (036)913
|2 MRF
|
| 100 |
1 |
|
|a Berry, Oliver
|7 xx0121399
|4 aut
|
| 245 |
1 |
0 |
|a Best day walks Great Britain :
|b easy escapes into nature : 60 walks with maps /
|c Oliver Barry, Helena Smith, Neil Wilson
|
| 250 |
|
|
|a 1st edition
|
| 264 |
|
1 |
|a [Melbourne] :
|b Lonely Planet Global Limited,
|c 2021
|
| 300 |
|
|
|a 239 stran :
|b barevné ilustrace, mapy ;
|c 21 cm
|
| 336 |
|
|
|a text
|b txt
|2 rdacontent
|
| 336 |
|
|
|a statický obraz
|b sti
|2 rdacontent
|
| 337 |
|
|
|a bez média
|b n
|2 rdamedia
|
| 338 |
|
|
|a svazek
|b nc
|2 rdacarrier
|
| 490 |
1 |
|
|a Lonely Planet
|
| 500 |
|
|
|a Název z obálky
|
| 500 |
|
|
|a Obsahuje rejstřík
|
| 650 |
0 |
7 |
|a turistické trasy
|z Velká Británie
|7 ph606745
|2 czenas
|
| 650 |
0 |
7 |
|a přírodní zajímavosti
|z Velká Británie
|7 ph137777
|2 czenas
|
| 650 |
0 |
7 |
|a turistické zajímavosti
|z Velká Británie
|7 ph126800
|2 czenas
|
| 650 |
0 |
9 |
|a tourist trails
|z Great Britain
|2 eczenas
|
| 650 |
0 |
9 |
|a natural sights
|z Great Britain
|2 eczenas
|
| 650 |
0 |
9 |
|a tourist sights
|z Great Britain
|2 eczenas
|
| 651 |
|
7 |
|a Velká Británie
|7 ge134525
|x reálie
|2 czenas
|
| 651 |
|
9 |
|a Great Britain
|x description and travel
|2 eczenas
|
| 655 |
|
7 |
|a turistické průvodce
|7 fd133738
|2 czenas
|
| 655 |
|
9 |
|a tourist guidebooks
|2 eczenas
|
| 700 |
1 |
|
|a Smith, Helena,
|d 1970-
|7 xx0089755
|4 aut
|
| 700 |
1 |
|
|a Wilson, Neil,
|d 1959-
|7 mzk2005289996
|4 aut
|
| 830 |
|
0 |
|a Lonely Planet (Lonely Planet Global Limited)
|
| 910 |
|
|
|a BOA001
|b 2-1512.109
|
| 990 |
|
|
|a BK
|
| 991 |
|
|
|b 202308
|c NOV
|x 99
|
| 996 |
7 |
|
|b 2610943690
|c 2-1512.109
|l Anglická knihovna/2.patro
|r ZHR
|n 2
|p kupz
|h BG
|w 001932992
|u 000010
|a 0
|e BOA001
|j MZK50
|s A
|